Soustava strojů a koncepce zemědělské techniky

Bibliographic Details
Main Author: Trávniček, František (Author)
Format: Article
Language:Slovak
Czech
PhysicalDescription:Obr. 3.
Subjects:

MARC

LEADER 00000nab a2200000 a 4500
001 vtls000049407
003 SK-MaSNL
005 20260304071039.0
008 250422c1979 xo 0 slo
015 |a SNBRB19rr/mm-uuuuu 
035 |a CL0059504 
035 |a urn:nbn:sk:snk-abb8ff 
035 |a (urnnbn)urn:nbn:sk:snk:ar-0058zp 
035 |a (uuid)55f32dff-11aa-44aa-a199-b6356f65e9c5 
040 |a SNKBUCL  |b slo  |c SNKBUCL  |e AACR2 
041 0 |a cze 
044 |a xo  |c SK 
080 |a 631.3  |2 1981 
100 1 |a Trávniček, František  |4 aut  |9 125254 
245 1 0 |a Soustava strojů a koncepce zemědělské techniky  |c František Trávniček 
300 |b Obr. 3. 
650 0 7 |a mechanizácia poľnohospodárstva  |2 snkbucl  |9 27292 
650 0 7 |a technika poľnohospodárska  |2 snkbucl  |9 849424 
650 0 7 |a poľnohospodárske stroje  |2 snkbucl  |9 3574 
655 7 |a články z novín a časopisov  |2 snkbucl  |9 267496 
773 0 |t Technická práca  |g Roč. 31, č. 9 (1979), s. 14-17 
850 |a Slovenská národná knižnica 
852 |a Slovenská národná knižnica 
958 |a article15 
958 |a RK 
958 |a CZ 
958 |a OND 
958 |a EUIPO 
992 |a RBX 
999 |c 2758669  |d 2760599